|
|
|
|
| LEADER |
01784nam a2200313 a 4500 |
| 001 |
15599919 |
| 008 |
120523s2010 cau b 001 0 eng d |
| 010 |
|
|
|a 2009921295
|
| 020 |
|
|
|a 9781847874023
|
| 020 |
|
|
|a 1847874029
|
| 040 |
|
|
|a UKM
|c UKM
|d YDXCP
|d BWKUK
|d IQU
|d DLC
|c BD-DhAAL
|
| 082 |
0 |
0 |
|a 303.48
|2 22
|
| 245 |
0 |
4 |
|a The ISA handbook of diverse sociological traditions /
|c edited by Sujata Patel.
|
| 246 |
3 |
|
|a International Sociological Association handbook of diverse sociological traditions
|
| 246 |
3 |
0 |
|a Handbook of diverse sociological traditions
|
| 246 |
3 |
0 |
|a Diverse sociological traditions
|
| 246 |
3 |
0 |
|a Sociological traditions
|
| 260 |
|
|
|a Los Angeles [i.e. Thousand Oaks, Calif.] ;
|a London :
|b SAGE Publications,
|c 2010.
|
| 300 |
|
|
|a xvii, 366 p. ;
|c 25 cm.
|
| 490 |
0 |
|
|a Sage studies in international sociology
|
| 504 |
|
|
|a Includes bibliographical references and indexes.
|
| 505 |
0 |
|
|a The debate : one sociology or many sociologies -- Beyond the classical theorists : European and American sociology today -- Local traditions and universal sociologies : the dilemmas of post-communist states of central and eastern Europe -- Authoritarianism and challenges to sociology in Latrin America -- The colonial heritage and its sociological traditions : Africa, the Middle East/west Asia, south Asia and the Caribbean -- Local or universal : identity and difference in the sociology of the Far East.
|
| 541 |
1 |
|
|e 00025253
|
| 650 |
|
0 |
|a Sociology.
|
| 650 |
|
0 |
|a Globalization
|x Social aspects.
|
| 700 |
1 |
|
|a Patel, Sujata.
|
| 852 |
1 |
|
|a Ayesha Abed Library
|j General shelf
|
| 999 |
|
|
|c 12210
|d 12210
|
| 952 |
|
|
|0 0
|1 0
|4 0
|6 303_480000000000000_ISA
|7 0
|9 20253
|a BRACUL
|b BRACUL
|c GEN
|d 2012-05-23
|e Karim International
|g 9846.00
|l 0
|o 303.48 ISA
|p 3010025253
|r 2012-05-23
|t 1
|w 2012-05-23
|y BK
|